000
00282nam a2200109Ia 4500
008
200302s9999 xx 000 0 und d
100
_a
Andrew J. Briggs
245
_a
Warehouse Operations Planning and Management
260
_b
John Wiley & Sons Inc.
260
_c
1960
300
_a
299 P.,
999
_c
446
_d
446